'E' Blitz Quiz Stats

 Plays Quiz Updated Jul 2, 2018

Also try: 'F' Blitz
Challenge
Share
Tweet
Embed
Score 0/40 Timer 04:00
24 Plays Today
Category Answer % Correct
3 Letter Body PartEye
99.4%
PlanetEarth
93.9%
African CountryEgypt
89.2%
Written Prime Number (1-100)Eighty Three
88.3%
Compass DirectionEast
87.9%
Great LakeErie
82.8%
United Nations LanguageEnglish
81.6%
English Monarch*Edward
77.8%
US Political Party Mascot (animal)Elephant
75.1%
Flightless BirdEmu
74.6%
Punctuation MarkExclamation Point
73.5%
Winnie the Pooh CharacterEeyore
72.8%
South American CountryEcuador
71.7%
Deadly SinEnvy
71.5%
BirthstoneEmerald
71.3%
Brontë SisterEmily
70.4%
Type of PenguinEmperor
67.2%
US PresidentEisenhower
66.5%
Seinfeld CharacterElaine
59.1%
Lord of the Rings RaceElf
59%
Category Answer % Correct
Book of the BibleExodus
58.5%
European Union CountryEstonia
54.4%
Star Wars Species (Race)Ewok
54.4%
Space ShuttleEndeavour
48.1%
Human Body SystemEndocrine
45.7%
North American CountryEl Salvador
44.1%
'Seven Summits' SummitElbrus
43.6%
English CountyEssex
40.5%
Canadian Provincial CapitalEdmonton
36.7%
ElementEinsteinium
36.5%
Tim Burton MovieEdward Scissorhands
31.6%
Olympic Event**Eventing
31.4%
Original Premier League TeamEverton
30.5%
Harry Potter OwlErrol
26.3%
Incredibles CharacterElastigirl
24.1%
Conic Section (Curve)Ellipse
21.5%
Monopoly SquareElectric Company
21.3%
Tony Best MusicalEvita
17.4%
(Planetary) MoonEuropa
17%
Emmy Comedy Winner TVEverybody Loves Raymond
15.7%

You're not logged in!

Compare scores with friends on all Sporcle quizzes.
Join for Free
OR
Log In

You Might Also Like...

Show Comments

Extras

Top Quizzes Today


Score Distribution

Your Account Isn't Verified!

In order to create a playlist on Sporcle, you need to verify the email address you used during registration. Go to your Sporcle Settings to finish the process.

Report this User

Report this user for behavior that violates our Community Guidelines.

Details: